000 00529nam a2200181Ia 4500
005 20250508160503.0
008 008 250505s9999 xx 000 0 eng d
037 _aReference
040 _aFEDL
_beng
_cFEDL
041 _aeng
_2eng
084 _a152.805 8, MEN
_qFEDL
100 _aBuros Oscar Krisen Ed.
_985568
245 0 _aSixth mental measurements Yearbook
260 _aNew Jeresy, USA
_bThe Gryphon Press
_c1965
300 _axxxvi,1714p
942 _cREF
_h152.805 8, MEN
999 _c1364910
_d1364910